01187nabaa22001817a 4500003000400000005001700004008004100021040000700062100002400069245018700093300001300280505042900293505008900722650002700811650002700838650002800865773011200893OSt20260122203343.0190701b xxu||||| |||| 00| 0 spa d cPJ aThomas, Gustavo J. 13aLas IA 3.0 deepfake y las administraciones públicas : csobre la necesidad de regulación de las IA estatales o el riesgo de la “sociedad confianza cero” /bGustavo J. Thomas. ap. 25-35 t aSumario: I. Introducción.— II. Qué es una IA deepfake/deep synthesis.— III. Los riesgos vinculados a su existencia.— IV. Tipos de deepfakes.— V. Control y combate: creación de los SINHAE (órganos electrónicos transhumanos) y su función de policía. Sobre los riesgos de no diferenciar 2.0, 3.0 y 4.0.— VI. Estudio sobre la posible reglamentación de deepfake o deep synthesis.— VII. Conclusión t¿Te interesa el texto completo? Comunicate al correo: koha@justierradelfuego.gov.ar 0aDERECHO ADMINISTRATIVO 0aADMINISTRACION PUBLICA 0aINTELIGENCIA ARTIFICIAL0 02842dBuenos Aires : AbeledoPerrot, 2012-oDA121tDerecho administrativo. Nº 147 mayo/junio 2023z18510590